Restorinf financial flows to Latin America /

sin resumen

Gespeichert in:
Bibliographische Detailangaben
1. Verfasser: Emmerij, Louis
Weitere Verfasser: Iglesias, Enrique
Format: Unbekannt
Veröffentlicht: París: OECD
Schlagworte:
Tags: Tag hinzufügen
Keine Tags, Fügen Sie den ersten Tag hinzu!

MARC

LEADER 00000 a2200000 04500
001 2751
003
008 991231s d
040
020 |a [sin ISBN]  
022 |a [sin ISBN]  
090 |a 110302  
100 |a Emmerij, Louis  
245 |a Restorinf financial flows to Latin America /  |c Louis Emmerij 
260 |a París:   |b OECD  
300 |a 251 p  
520 |a sin resumen  
650 |a DESARROLLO ECONOMICO Y SOCIAL  
700 |a Iglesias, Enrique;  
999 |c 13846  |d 13846